<?xml version="1.0" encoding="UTF-8"?>
<record
    xmlns:xsi="http://www.w3.org/2001/XMLSchema-instance"
    xsi:schemaLocation="http://www.loc.gov/MARC21/slim http://www.loc.gov/standards/marcxml/schema/MARC21slim.xsd"
    xmlns="http://www.loc.gov/MARC21/slim">

  <leader>00626nam a22001937a 4500</leader>
  <controlfield tag="003">NUST - PNEC</controlfield>
  <controlfield tag="005">20170116180907.0</controlfield>
  <controlfield tag="008">150902b        xxu||||| |||| 00| 0 eng d</controlfield>
  <datafield tag="020" ind1=" " ind2=" ">
    <subfield code="a">969008868</subfield>
  </datafield>
  <datafield tag="040" ind1=" " ind2=" ">
    <subfield code="c">LIBRARY</subfield>
  </datafield>
  <datafield tag="082" ind1=" " ind2=" ">
    <subfield code="a">891.4393 UMA</subfield>
  </datafield>
  <datafield tag="100" ind1=" " ind2=" ">
    <subfield code="9">16388</subfield>
    <subfield code="a">Umera Ahmed</subfield>
  </datafield>
  <datafield tag="245" ind1=" " ind2=" ">
    <subfield code="a">Peer-e- Kamil</subfield>
    <subfield code="c">Umerah Ahmed</subfield>
  </datafield>
  <datafield tag="260" ind1=" " ind2=" ">
    <subfield code="c">c.2005</subfield>
    <subfield code="a">Lahore:</subfield>
    <subfield code="b">Ferozsons (Pvt.)Ltd.,</subfield>
  </datafield>
  <datafield tag="300" ind1=" " ind2=" ">
    <subfield code="a">525 pages</subfield>
  </datafield>
  <datafield tag="650" ind1=" " ind2=" ">
    <subfield code="9">6792</subfield>
    <subfield code="a">General Book</subfield>
    <subfield code="x">Urdu Literature</subfield>
  </datafield>
  <datafield tag="856" ind1=" " ind2=" ">
    <subfield code="u">http://www.amazon.com/Pir-e-Kamil-S-W-Umaira-Ahmad/dp/9637656359/ref=sr_1_1?s=books&amp;ie=UTF8&amp;qid=1455182362&amp;sr=1-1&amp;keywords=peer+e+kamil</subfield>
  </datafield>
  <datafield tag="942" ind1=" " ind2=" ">
    <subfield code="2">ddc</subfield>
    <subfield code="c">BK</subfield>
  </datafield>
  <datafield tag="999" ind1=" " ind2=" ">
    <subfield code="c">65154</subfield>
    <subfield code="d">65154</subfield>
  </datafield>
  <datafield tag="952" ind1=" " ind2=" ">
    <subfield code="0">0</subfield>
    <subfield code="1">0</subfield>
    <subfield code="2">ddc</subfield>
    <subfield code="4">0</subfield>
    <subfield code="7">0</subfield>
    <subfield code="a">PNEC</subfield>
    <subfield code="b">PNEC</subfield>
    <subfield code="c">WING-B</subfield>
    <subfield code="d">0000-00-00</subfield>
    <subfield code="l">0</subfield>
    <subfield code="o">891.4393 UMA</subfield>
    <subfield code="p">PNECLIB-031309</subfield>
    <subfield code="r">2015-09-02</subfield>
    <subfield code="w">0000-00-00</subfield>
    <subfield code="y">BK</subfield>
  </datafield>
  <datafield tag="952" ind1=" " ind2=" ">
    <subfield code="0">0</subfield>
    <subfield code="1">0</subfield>
    <subfield code="2">ddc</subfield>
    <subfield code="3">Hardbound</subfield>
    <subfield code="4">0</subfield>
    <subfield code="7">0</subfield>
    <subfield code="a">PNEC</subfield>
    <subfield code="b">PNEC</subfield>
    <subfield code="c">WING-B</subfield>
    <subfield code="d">2015-12-14</subfield>
    <subfield code="e">Tawakkal Academy/Library Grant</subfield>
    <subfield code="g">595.00</subfield>
    <subfield code="l">4</subfield>
    <subfield code="o">891.4393 UMA</subfield>
    <subfield code="p">PNECLIB-032555</subfield>
    <subfield code="r">2016-08-01</subfield>
    <subfield code="s">2016-08-01</subfield>
    <subfield code="v">595.00</subfield>
    <subfield code="w">2015-12-14</subfield>
    <subfield code="y">BK</subfield>
  </datafield>
</record>
